Narcotics Quiz - Statistics

General Stats
  • This quiz has been taken 57 times
    53 since last reset
  • The average score is 9 of 30
Answer Stats
Narcotics % Correct
Cocaine
89%
Cannabis
84%
Heroin
81%
Methamphetamine
70%
LSD
62%
Crack Cocaine
57%
Amphetamine
49%
MDMA
49%
Opium
49%
Fentanyl
46%
Psilocybin
46%
Codeine
38%
Alcohol
35%
DMT
22%
Ketamine
22%
Nicotine
22%
PCP
19%
Salvia
14%
GHB
11%
Khat
11%
Mescaline
8%
Tobacco
8%
Ayahuasca
5%
Krokodil
5%
Flakka
3%
Kratom
3%
Rohypnol
3%
Steroids
3%
Carfentanyl
0%
Synthetic Cannabis
0%
No matching quizzes found
Score Distribution
Percent of People with Each Score
Percentile by Number Answered
Your Score History
You have not taken this quiz since the last reset